| 000 | 01055nac a22002771i 4500 | ||
|---|---|---|---|
| 003 | EG-ScBUE | ||
| 005 | 20231112113100.0 | ||
| 008 | 121113s2006 u f 000 0 ara d | ||
| 017 | _a2006 / 22968 | ||
| 020 | _a9770914843 | ||
| 040 |
_aEG-ScBUE _bara _erda _cEG-ScBUE _dEG-ScBUE |
||
| 043 | _af-ua--- | ||
| 082 | 0 | 4 |
_bع ز ب _a306.0962 _222 |
| 100 | 1 |
_aعزباوي، عبد الله، _eمؤلف. |
|
| 245 | 1 | 2 |
_aالفكر المصري في القرن الثامن عشر : _bبين الجمود والتجديد / _cد. عبد الله العزباوي. |
| 250 | _aالطبعة الأولى. | ||
| 264 | 1 |
_aالقاهرة : _bدار الشروق، _c2006. |
|
| 300 |
_a216 صفحة ؛ _c24 سم. |
||
| 336 |
_2rdacontent _aنص _btxt |
||
| 337 |
_aبدون وسيط _2rdamedia _bn |
||
| 338 |
_aمجلد _bnc _2rdacarrier |
||
| 490 | 0 |
_aسلسلة التاريخ. _aالجانب الآخر. _aإعادة قراءة للتاريخ المصري ؛ _v8 |
|
| 651 | 7 |
_aمصر _xحياة فكرية. _2BUEsh |
|
| 655 | _vReading book | ||
| 942 |
_cBB _2ddc |
||
| 999 |
_c7906 _d7906 |
||